| 000 | 02241nam a22001697a 4500 | ||
|---|---|---|---|
| 008 | 190802b xxu||||| |||| 00| 0 eng d | ||
| 020 | _a9781285061474 | ||
| 050 | _aQA76.73.C153 Z33(7e) | ||
| 100 | _aZak, Diane. | ||
| 245 |
_aAn introduction to programming with C++. / _cDiane Zak. |
||
| 250 | _a7th ed. | ||
| 260 |
_aBoston : _bCourse Technology Cengage Learning, _c2013. |
||
| 300 |
_axx, v xx, 746 p. : _bill. ; _c28 cm. |
||
| 500 | _aIncludes appendix and index. | ||
| 505 | _aContents: An introduction to programming -- Beginning the problem-solving process -- Variables and constants -- Completing the problem process -- The selection structure -- More on the repetition structure -- Value-returning functions -- Void functions -- One-dimensional arrays -- Two-dimensional arrays -- Strings -- Sequential access files -- Classes and objects. | ||
| 942 |
_2lcc _cBK |
||
| 999 |
_c6848 _d14348 |
||